00461nmm a2200169Ia 4500008004100000020001800041041000800059100001800067245001800085264005200103300001800155490001400173650002900187856005100216942000700267999001700274251105s9999||||xx |||||||||||||||||und|| a9788416252206 aspa aWong, Roberto 0aParís D. F. a[Madrid, España] :bGalaxia Gutenberg, c2015 a200 páginas aNarrativa aLatin American narrative uhttps://public.digitaliapublishing.com/a/37426 cCF c77434d77434